000 00469 a2200169 4500
003 NUST
005 20240107100137.0
008 240103b ||||| |||| 00| 0 eng d
020 _a9694072891
082 _a627.52
_bSID
100 _aSiddiqui, Iqtidar H
_9101
245 _airrigation and drainage engineering
_cIqtidar H Siddiqui.
260 _aPakistan
_bRoyal Publisher
_c2003
300 _bill. ;
_c26 cm .
650 _airrigation- drainage
_9119830
942 _2ddc
_cBK
999 _c356
_d356